000 00755nam a2200241Ia 4500
003 OSt
005 20220925230412.0
006 a|||||r|||| 00| 0
007 ta
008 220923b |||||||| |||| 00| 0 eng d
020 _a9781844679829
_c1622.39
037 _b5762, 09/03/2017, RAJKIRAN BOOK AGENCY
_cGeneral Book
040 _aRTL
_cRTL
_beng
041 _2eng
_aeng
082 _aY9(X991), Q3
100 _aAPPADURAI Arjun
_936965
245 0 _aFuture as cultural fact
_b Essay on the global condition
260 _aLondon
_bVerso
_c2013
300 _aviii,328p.
_ccm.
650 _aGeography
942 _hY9(X991), Q3
_cGB
_2CC
999 _c585417
_d585417